Flaggen mit Dreiecken - Statistiken

Allgemein
  • Dieses Quiz wurde 46 mal gespielt
  • Das Durchschnittsergebnis liegt bei 21 aus 30
Antwortstatistiken
Bildquiz Antwort % Korrekt
Jamaika
94%
Eritrea
88%
Grenada
85%
Kuba
85%
Seychellen
85%
Tschechien
82%
Bosnien und Herzegowina
79%
Papua-Neuguinea
79%
St. Lucia
79%
Tansania
74%
Guyana
71%
Sudan
71%
Mosambik
68%
Philippinen
68%
Simbabwe
68%
Vanuatu
68%
Osttimor
65%
Salomonen
65%
Äquatorial-Guinea
62%
Marshallinseln
62%
Namibia
62%
St. Kitts und Nevis
62%
Südsudan
62%
Trinidad und Tobago
62%
Bahamas
59%
Antigua und Barbuda
56%
Dschibuti
56%
Komoren
56%
Demokratische Republik Kongo
53%
Republik Kongo
47%
Keine übereinstimmenden Quizze gefunden
Verteilung der Resultate
Anzahl Personen mit jedem Resultat
Perzentil nach korrekt beantworteten Fragen
Ihre Resultats-Entwicklung
Sie haben dieses Quiz noch nicht gespielt